Sivas Kongresi günleri : Nutuk'tan / (Record no. 14300)

MARC details
000 -BAŞLIK
Sabit Uzunlukta Kontrol Alanı 00887nam a2200253 4500
999 ## - SİSTEM KONTROL NUMARALARI (KOHA)
Koha Biblionumber 14300
Koha Biblioitemnumber 14300
003 - KONTROL NUMARASI IDENTIFIER
Denetim Alanı MIRAKIL
005 - SON İŞLEM TARİHİ VE ZAMANI
Denetim Alanı 20201221135553.0
008 - SABİT-BOY VERİ ELEMANLARI - GENEL BİLGİLER
Sabit Uzunlukta Kontrol Alanı 201221b tu ||||| |||| 00| 0 tur d
020 ## - ULUSLARARASI STANDART KİTAP NUMARASI
Uluslararası Standart Kitap Numarası 9786058069763
040 ## - KATALOGLAMA KAYNAK
Orijinal Kataloglama Ajansı TR-AnCHP
Metne Dönüştürmek Ajansı TR-AnCHP
041 ## - DİL KODU
Metin / Ses Parça Veya Ayrı Başlığın Dil Kodu TUR
082 ## - DEWEY ONLU SINIFLANDIRMA NUMARASI
Sınıflandırma Numarası 956.1024
Ürün Numarası A72s 2019
100 1# - ANA GİRİŞ - KİŞİSEL İSİM
Kişisel Ad Atatürk, Gazi Mustafa Kemal
Bir Adıyla İlişkilendirilen Tarihler 1881-1938
245 10 - BAŞLIK TABLOSU
Başlık Sivas Kongresi günleri : Nutuk'tan /
Sorumluluk Tablosu, Vb Mustafa Kemal Atatürk ; yayına hazırlayan: Selma Günaydın, Yusuf Turan Günaydın
260 ## - YAYIN, DAĞITIM, VB
Yayın, Dağıtım, Vb Yeri İstanbul:
Yayıncı, Dağıtıcı, Vs Adı Kopernik Kitap,
Yayın, Dağıtım, Vb Tarihi 2019.
300 ## - FİZİKSEL TANIM
Kapsam 242 s.:
Boyutlar 21 sm.
490 0# - SERİSİ TABLOSU
Seri Beyanı Kopernik Kitap;
-- Tarih;
Hacim / Ardışık Tanımı 110.
-- 11.
504 ## - KAYNAKÇA VB NOT
Kaynakça Vb Notu Dizin vardır.
650 #0 - KONU KATMA GİRİŞ - TOPİKAL DÖNEM
9 (RLIN) 4
Topikal Süreli Veya Coğrafi Ad Giriş Elemanı Türkiye
Genel Alt Bölümü Tarih
Kronolojik Alt Bölümü 1919
650 #0 - KONU KATMA GİRİŞ - TOPİKAL DÖNEM
9 (RLIN) 784
Topikal Süreli Veya Coğrafi Ad Giriş Elemanı Sivas Kongresi
Genel Alt Bölümü Tarih
Kronolojik Alt Bölümü 4 Eylül-11 Eylül 1919
700 ## - KATMA GİRİŞ - KİŞİSEL İSİM
9 (RLIN) 6634
Kişisel Ad Günaydın, Selma
Relator Terim yay. haz.
700 ## - KATMA GİRİŞ - KİŞİSEL İSİM
9 (RLIN) 6635
Kişisel Ad Günaydın, Yusuf Turan
Relator Terim yay. haz.
942 ## - EKLENDİ GİRİŞ ELEMANLARI (KOHA)
Sınıflandırma Veya Raf Düzeni Kaynak Dewey Decimal Classification
Koha Öğesi Türü Books
Holdings
Kalıcı Konum Mevcut Konum Edinme Tarihi Toplam Check-Out'Lar Tam Çağrı Numarası Barkod Tarih Son Görülme İtibaren Geçerli Fiyatlar Koha Öğesi Türü
CHP Kütüphanesi CHP Kütüphanesi 12/21/2020   ATA 956.1024 A72s 2019 008519 12/21/2020 12/21/2020 Books